[Event "FRA-chT2"]
[Site "France"]
[Date "2002.03.??"]
[Round "8"]
[White "Benichou, Laurent"]
[Black "Mazet, Julien"]
[Result "0-1"]
[WhiteElo "2060"]
[BlackElo "2206"]
[PlyCount "72"]
[EventDate "2002.??.??"]
[EventType "team"]
[EventRounds "11"]
[EventCountry "FRA"]
[SourceTitle "EXT 2003"]
[Source "ChessBase"]
[SourceDate "2002.11.25"]
[SourceVersion "1"]
[SourceVersionDate "2002.11.25"]
[SourceQuality "1"]

1. e4 c5 2. Nf3 d6 3. d4 cxd4 4. Nxd4 Nf6 5. Nc3 a6 6. Bg5 e6 7. f4 Nbd7 8. Qf3 Qc7 9. 0-0-0 b5 10. g4 Bb7 11. a3 0-0-0 12. Bg2 Kb8 13. Kb1 Rc8 14. Rhe1 Nb6 15. f5 e5 16. Bxf6 gxf6 17. Nde2 Nc4 18. Nd5 Bxd5 19. Rxd5 Nb6 20. Nc3 Nxd5 21. Nxd5 Qxc2+ 22. Ka1 Bh6 23. Nb4 Qd2 24. Rd1 Rc1+ 25. Rxc1 Qxc1+ 26. Ka2 Kb7 27. Bf1 Rc8 28. Qb3 Qxf1 29. Qd5+ Ka7 30. Qxf7+ Kb8 31. Nxa6+ Ka8 32. Qd5+ Ka7 33. Qxd6 Qc4+ 34. Ka1 Qf1+ 35. Ka2 Qc4+ 36. Ka1 Qc6 0-1

[Event "FRA-chT2"]
[Site "France"]
[Date "2002.??.??"]
[Round "7"]
[White "Glod, Philippe"]
[Black "Benichou, Laurent"]
[Result "1-0"]
[WhiteElo "2178"]
[BlackElo "2060"]
[PlyCount "65"]
[EventDate "2002.??.??"]
[EventType "team"]
[EventRounds "11"]
[EventCountry "FRA"]
[SourceTitle "EXT 2003"]
[Source "ChessBase"]
[SourceDate "2002.11.25"]
[SourceVersion "1"]
[SourceVersionDate "2002.11.25"]
[SourceQuality "1"]

1. e4 e5 2. Nf3 Nc6 3. Bc4 Bc5 4. c3 Nf6 5. d4 exd4 6. 0-0 Nxe4 7. cxd4 Be7 8. d5 Nd6 9. dxc6 Nxc4 10. Qd4 d5 11. Qxg7 Bf6 12. Re1+ Be6 13. Qh6 Nd6 14. cxb7 Rb8 15. Nc3 Nf5 16. Qh5 Kf8 17. Ng5 Ng7 18. Nxe6+ fxe6 19. Bh6 Qd7 20. Qh3 Kf7 21. Rad1 c6 22. Ne4 Qe7 23. Nxf6 Qxf6 24. Bxg7 Kxg7 25. Rxe6 Qg5 26. Qc3+ Kf7 27. Qxc6 Rxb7 28. Qxb7+ Kxe6 29. Re1+ Kd6 30. Qa6+ Kc5 31. Qxa7+ Kc4 32. Qc7+ Kb5 33. Re3 1-0